[Event "Lidkoping Open 2019"]
[Site "Lidkoping"]
[Date "2019.08.25"]
[Round "5.7"]
[White "Ronneland, Daniel"]
[Black "Blomstrom, Lars"]
[Result "1-0"]
[WhiteElo "2137"]
[BlackElo "2132"]
[Annotator "ChessBase"]
[PlyCount "85"]
[EventDate "2019.08.19"]
[EventType "swiss"]
[EventCountry "SWE"]
[SourceTitle "playchess.com"]
[Source "ChessBase"]
[SourceQuality "1"]
[TimeControl "2700+10"]

1. e4 {[%emt 0:00:00]} c6 {[%emt 0:00:38]} 2. d4 {[%emt 0:00:00]} d5 {[%emt 0:00:01]} 3. e5 {[%emt 0:00:24]} c5 {[%emt 0:00:07]} 4. Be3 {[%emt 0:05:20]} Nc6 {[%emt 0:02:53]} 5. Nf3 {[%emt 0:02:49]} Bg4 {[%emt 0:03:59]} 6. dxc5 {[%emt 0:03:50]} e6 {[%emt 0:00:10]} 7. c3 {[%emt 0:01:18]} Nge7 {[%emt 0:03:21]} 8. Nbd2 {[%emt 0:02:45]} Nf5 {[%emt 0:06:33]} 9. Bd4 {[%emt 0:00:51]} Be7 {[%emt 0:06:26]} 10. Bd3 {[%emt 0:01:21]} O-O {[%emt 0:08:55]} 11. h3 {[%emt 0:02:01]} Bxf3 {[%emt 0:00:46]} 12. Nxf3 {[%emt 0:01:05]} b6 {[%emt 0:03:46]} 13. cxb6 {[%emt 0:07:53]} Nfxd4 {[%emt 0:03:06]} 14. cxd4 {[%emt 0:08:25]} Qxb6 {[%emt 0:00:28]} 15. O-O {[%emt 0:00:41]} g6 {[%emt 0:00:40]} 16. Qa4 {[%emt 0:00:43]} f6 {[%emt 0:03:32]} 17. Rac1 {[%emt 0:00:11]} Rac8 {[%emt 0:00:36]} 18. Bb5 {[%emt 0:01:47]} Nb8 {[%emt 0:00:02]} 19. Bd7 {[%emt 0:00:37]} Rxc1 {[%emt 0:00:24]} 20. Rxc1 {[%emt 0:00:05]} fxe5 {[%emt 0:00:43]} 21. Nxe5 {[%emt 0:01:32]} Bf6 {[%emt 0:00:04]} 22. Rc8 {[%emt 0:00:47]} Bxe5 {[%emt 0:00:20]} 23. Rxf8+ {[%emt 0:00:11]} Kxf8 {[%emt 0:00:02]} 24. dxe5 {[%emt 0:00:02]} Nxd7 {[%emt 0:00:34]} 25. Qxd7 {[%emt 0:00:02]} d4 {[%emt 0:00:01]} 26. Qd6+ {[%emt 0:00:43]} Qxd6 {[%emt 0:00:21]} 27. exd6 {[%emt 0:00:02]} Ke8 {[%emt 0:00:02]} 28. f4 {[%emt 0:00:09]} Kd7 {[%emt 0:00:01]} 29. Kf2 {[%emt 0:00:02]} Kxd6 {[%emt 0:01:19]} 30. Ke2 {[%emt 0:00:01]} e5 {[%emt 0:00:00]} 31. fxe5+ {[%emt 0:00:06]} Kxe5 {[%emt 0:00:00]} 32. Kd3 {[%emt 0:00:02]} Kf4 {[%emt 0:00:00]} 33. b4 {[%emt 0:00:25]} Kg3 {[%emt 0:00:00]} 34. a4 {[%emt 0:00:01]} Kxg2 {[%emt 0:00:00]} 35. b5 {[%emt 0:00:02]} Kxh3 {[%emt 0:00:00]} 36. a5 {[%emt 0:00:01]} g5 {[%emt 0:00:02]} 37. b6 {[%emt 0:00:01]} axb6 {[%emt 0:00:04]} 38. axb6 {[%emt 0:00:01]} g4 {[%emt 0:00:08]} 39. b7 {[%emt 0:00:01]} h5 {[%emt 0:00:10]} 40. b8=Q {[%emt 0:00:03]} g3 {[%emt 0:00:22]} 41. Ke2 {[%emt 0:00:57]} d3+ {[%emt 0:00:53]} 42. Kf3 {[%emt 0:00:05]} h4 {[%emt 0:00:01]} 43. Qb2 {[%emt 0:00:15]} 1-0

[Event "Lidkoping Open 2019"]
[Site "Lidkoping"]
[Date "2019.08.25"]
[Round "5.8"]
[White "Kleimark, Anders"]
[Black "Nordlund, Jim"]
[Result "0-1"]
[WhiteElo "2016"]
[BlackElo "2130"]
[Annotator "ChessBase"]
[PlyCount "110"]
[EventDate "2019.08.19"]
[EventType "swiss"]
[EventCountry "SWE"]
[SourceTitle "playchess.com"]
[Source "ChessBase"]
[SourceQuality "1"]
[TimeControl "2700+10"]

1. d4 {[%emt 0:00:00]} d6 {[%emt 0:00:00]} 2. Nf3 {[%emt 0:00:23]} Nf6 {[%emt 0:00:09]} 3. Bg5 {[%emt 0:01:25]} Nbd7 {[%emt 0:00:58]} 4. e3 {[%emt 0:00:48]} h6 {[%emt 0:03:29]} 5. Bh4 {[%emt 0:00:21]} g5 {[%emt 0:00:48]} 6. Bg3 {[%emt 0:00:03]} Ne4 {[%emt 0:01:02]} 7. Bd3 {[%emt 0:02:04]} Ndf6 {[%emt 0:01:49]} 8. Nbd2 {[%emt 0:01:07]} Bf5 {[%emt 0:00:39]} 9. Nxe4 {[%emt 0:02:16]} Nxe4 {[%emt 0:02:42]} 10. c3 {[%emt 0:04:48]} c6 {[%emt 0:01:38]} 11. Qc2 {[%emt 0:01:10]} d5 {[%emt 0:03:55]} 12. Nd2 {[%emt 0:04:22]} Nxg3 {[%emt 0:05:06]} 13. fxg3 {[%emt 0:02:02]} Be6 {[%emt 0:02:14]} 14. Nb3 {[%emt 0:03:36]} b6 {[%emt 0:00:33]} 15. Ba6 {[%emt 0:02:12]} Qd6 {[%emt 0:01:39]} 16. a4 {[%emt 0:01:09]} Bg7 {[%emt 0:00:42]} 17. O-O {[%emt 0:01:27]} O-O {[%emt 0:00:46]} 18. c4 {[%emt 0:01:32]} dxc4 {[%emt 0:02:48]} 19. Bxc4 {[%emt 0:00:38]} Rac8 {[%emt 0:00:42]} 20. a5 {[%emt 0:01:04]} Rc7 {[%emt 0:02:13]} 21. axb6 {[%emt 0:00:24]} axb6 {[%emt 0:00:02]} 22. Ra6 {[%emt 0:00:58]} Rb8 {[%emt 0:00:37]} 23. Rfa1 {[%emt 0:02:45]} Bxc4 {[%emt 0:03:44]} 24. Qxc4 {[%emt 0:00:03]} Qd5 {[%emt 0:00:02]} 25. Qxd5 {[%emt 0:03:08]} cxd5 {[%emt 0:00:04]} 26. Ra7 {[%emt 0:00:02]} Rbc8 {[%emt 0:01:17]} 27. Rxc7 {[%emt 0:01:07]} Rxc7 {[%emt 0:00:02]} 28. Ra8+ {[%emt 0:00:08]} Kh7 {[%emt 0:00:02]} 29. Rd8 {[%emt 0:02:19]} e6 {[%emt 0:00:20]} 30. Rd6 {[%emt 0:00:10]} Rc2 {[%emt 0:00:02]} 31. Rxb6 {[%emt 0:00:26]} Rxb2 {[%emt 0:00:02]} 32. Rb7 {[%emt 0:00:38]} Kg6 {[%emt 0:00:03]} 33. Nc5 {[%emt 0:00:10]} Re2 {[%emt 0:00:15]} 34. Rb3 {[%emt 0:00:10]} Rxe3 {[%emt 0:00:40]} 35. Rxe3 {[%emt 0:00:14]} Bxd4 {[%emt 0:00:01]} 36. Kf1 {[%emt 0:01:58]} Bxe3 {[%emt 0:00:13]} 37. Nd3 {[%emt 0:00:06]} Bd4 {[%emt 0:00:33]} 38. Ke2 {[%emt 0:00:02]} h5 {[%emt 0:00:25]} 39. h3 {[%emt 0:00:18]} Kf5 {[%emt 0:00:38]} 40. Nb4 {[%emt 0:00:16]} Bc5 {[%emt 0:00:21]} 41. Nd3 {[%emt 0:00:07]} Bd6 {[%emt 0:00:04]} 42. Kf3 {[%emt 0:00:08]} e5 {[%emt 0:00:27]} 43. g4+ {[%emt 0:00:09]} hxg4+ {[%emt 0:00:02]} 44. hxg4+ {[%emt 0:00:01]} Ke6 {[%emt 0:00:01]} 45. Nf2 {[%emt 0:00:16]} e4+ {[%emt 0:00:12]} 46. Ke2 {[%emt 0:00:02]} Bf4 {[%emt 0:00:11]} 47. Nh3 {[%emt 0:00:24]} f6 {[%emt 0:00:06]} 48. Nf2 {[%emt 0:00:08]} Ke5 {[%emt 0:00:15]} 49. Nd1 {[%emt 0:00:11]} d4 {[%emt 0:00:07]} 50. Nb2 {[%emt 0:00:19]} d3+ {[%emt 0:00:18]} 51. Kf2 {[%emt 0:00:14]} Kd4 {[%emt 0:00:08]} 52. Na4 {[%emt 0:00:42]} e3+ {[%emt 0:00:12]} 53. Kf3 {[%emt 0:01:36]} e2 {[%emt 0:00:19]} 54. Kf2 {[%emt 0:00:25]} Bg3+ {[%emt 0:00:10]} 55. Kxg3 {[%emt 0:00:20]} e1=Q+ {[%emt 0:00:06]} 0-1

[Event "Lidkoping Open 2019"]
[Site "Lidkoping"]
[Date "2019.08.25"]
[Round "5.9"]
[White "Friberg, Hans"]
[Black "Strom-Engdahl, Alexander"]
[Result "1/2-1/2"]
[WhiteElo "2129"]
[BlackElo "1858"]
[Annotator "ChessBase"]
[PlyCount "47"]
[EventDate "2019.08.19"]
[EventType "swiss"]
[EventCountry "SWE"]
[SourceTitle "playchess.com"]
[Source "ChessBase"]
[SourceQuality "1"]
[TimeControl "2700+10"]

1. Nf3 {[%emt 0:00:00]} Nf6 {[%emt 0:00:30]} 2. c4 {[%emt 0:00:00]} e6 {[%emt 0:00:20]} 3. Nc3 {[%emt 0:02:18]} d5 {[%emt 0:00:11]} 4. d4 {[%emt 0:00:07]} Bb4 {[%emt 0:00:07]} 5. Qb3 {[%emt 0:03:14]} Bxc3+ {[%emt 0:02:35]} 6. bxc3 {[%emt 0:01:12]} O-O {[%emt 0:01:54]} 7. cxd5 {[%emt 0:03:21]} exd5 {[%emt 0:00:17]} 8. Bg5 {[%emt 0:00:19]} c6 {[%emt 0:00:52]} 9. e3 {[%emt 0:00:09]} Nbd7 {[%emt 0:03:18]} 10. Ne5 {[%emt 0:06:07]} Qb6 {[%emt 0:01:25]} 11. Qxb6 {[%emt 0:01:02]} axb6 {[%emt 0:00:09]} 12. Nxd7 {[%emt 0:00:49]} Bxd7 {[%emt 0:00:38]} 13. Bxf6 {[%emt 0:01:30]} gxf6 {[%emt 0:00:50]} 14. c4 {[%emt 0:01:23]} dxc4 {[%emt 0:00:35]} 15. Bxc4 {[%emt 0:00:07]} Be6 {[%emt 0:00:19]} 16. Bxe6 {[%emt 0:00:17]} fxe6 {[%emt 0:00:09]} 17. Kd2 {[%emt 0:02:55]} Ra5 {[%emt 0:01:30]} 18. Rhb1 {[%emt 0:02:31]} b5 {[%emt 0:00:30]} 19. a3 {[%emt 0:03:32]} Rfa8 {[%emt 0:00:35]} 20. Rb3 {[%emt 0:00:09]} Kf7 {[%emt 0:00:21]} 21. Kc2 {[%emt 0:00:41]} Ke7 {[%emt 0:00:21]} 22. Kb2 {[%emt 0:00:17]} Kd6 {[%emt 0:00:06]} 23. Rc1 {[%emt 0:00:18]} b4 24. Rxb4 {[%emt 0:16:42] Ke5 Rb3+} 1/2-1/2

[Event "Lidkoping Open 2019"]
[Site "Lidkoping"]
[Date "2019.08.25"]
[Round "5.10"]
[White "Svedberg, Hans"]
[Black "Winsnes, Rikard"]
[Result "1/2-1/2"]
[WhiteElo "2008"]
[BlackElo "2375"]
[Annotator "TA"]
[PlyCount "41"]
[EventDate "2019.08.19"]
[EventType "swiss"]
[EventCountry "SWE"]
[SourceTitle "playchess.com"]
[Source "ChessBase"]
[SourceQuality "1"]

{[%evp 9,41,16,14,3,15,10,27,38,35,37,54,52,46,-186,-174,-202,-187,-181,-172,-200,-170,-210,-185,-208,-192,-187,134,145,130,130,141,127,131,113]} 1. e4 c5 2. b3 d6 3. Bb2 e5 4. Bc4 Nf6 (4... Nc6 5. Ne2 f5 6. d3 Nf6 7. O-O f4 8. Nd2 g5 9. b4 Nxb4 10. c3 Nc6 11. d4 Na5 {1-0 (43) Morozevich,A (2683)-Savchenko,B (2607) Moscow 2016}) 5. Nc3 Be7 6. Nge2 {B20: Sicilian: Unusual White 2nd moves} O-O 7. O-O Nxe4 $146 {[%mdl 64] Remove Defender, Decoy} ({Predecessor:} 7... Nc6 8. d3 Be6 9. f4 Nd4 10. h3 a6 11. a4 Rb8 {½-½ (67) Tustanowski,M (2064)-Popiol,M (2182) Jastrzebia Gora 2018}) 8. Nxe4 {N2c3 is the strong threat.White has an edge.} d5 9. Bxe5 Nc6 10. Bb2 dxc4 11. N2g3 $2 (11. bxc4 $14 {stays ahead.} b6 12. d3) 11... cxb3 12. axb3 f5 13. Nc3 {[#]} f4 $1 14. Nge4 {[#]} f3 $1 {[%mdl 512]} 15. Re1 (15. gxf3 Nd4) 15... Nd4 16. Re3 {[%cal Rg2f3]} Bg4 17. h3 Ne2+ $2 ({Better is} 17... Be6 $19 {White must now prevent ...Qe8.} 18. g4 h5) 18. Nxe2 $16 fxe2 19. Qe1 Bh5 20. Ng3 Bg6 21. d3 {Accuracy: White = 48%, Black = 55%.} 1/2-1/2

[Event "Lidkoping Open 2019"]
[Site "Lidkoping"]
[Date "2019.08.25"]
[Round "5.11"]
[White "Mardell, Jonas"]
[Black "Bermann, Martin"]
[Result "1-0"]
[WhiteElo "2059"]
[BlackElo "1889"]
[Annotator "NA"]
[PlyCount "111"]
[EventDate "2019.08.19"]
[EventType "swiss"]
[EventCountry "SWE"]
[SourceTitle "playchess.com"]
[Source "ChessBase"]
[SourceQuality "1"]
[TimeControl "2700+10"]

1. e4 {[%emt 0:00:00]} e6 {[%emt 0:06:47]} 2. d4 {[%emt 0:00:00]} d5 {[%emt 0:00:20]} 3. exd5 {[%emt 0:00:00]} exd5 {[%emt 0:00:08]} 4. Bd3 {[%emt 0:00:00]} Bd6 {[%emt 0:00:15]} 5. Qf3 {[%emt 0:00:08]} Ne7 {[%emt 0:02:21]} 6. Ne2 {[%emt 0:00:06]} Nbc6 {[%emt 0:02:52]} 7. c3 {[%emt 0:00:02]} Be6 {[%emt 0:00:54]} 8. Bf4 {[%emt 0:00:27]} Ng6 {[%emt 0:01:30]} 9. Bxd6 {[%emt 0:01:57]} Qxd6 {[%emt 0:00:10]} 10. h4 {[%emt 0:00:40]} O-O-O {[%emt 0:02:53]} 11. h5 {[%emt 0:00:32]} Nge7 {[%emt 0:00:13]} 12. h6 {[%emt 0:02:18]} g6 {[%emt 0:00:16]} 13. Nd2 {[%emt 0:00:41]} Qd7 {[%emt 0:01:08]} 14. O-O-O {[%emt 0:04:09]} Bf5 {[%emt 0:00:29]} 15. Rde1 {[%emt 0:04:22]} Bxd3 {[%emt 0:04:16]} 16. Qxd3 {[%emt 0:00:03]} Rhe8 {[%emt 0:01:27]} 17. Qh3 {[%emt 0:12:09]} Nb8 {[%emt 0:02:27]} 18. Nf3 {[%emt 0:01:05]} Qxh3 {[%emt 0:02:54]} 19. Rxh3 {[%emt 0:00:01]} f6 {[%emt 0:02:55]} 20. Nf4 {[%emt 0:06:18]} g5 {[%emt 0:02:00]} 21. Ne6 {[%emt 0:01:02]} g4 {[%emt 0:01:29]} 22. Nxd8 {[%emt 0:00:03]} gxh3 {[%emt 0:00:08]} 23. Ne6 {[%emt 0:01:18]} Nf5 {[%emt 0:01:08]} 24. gxh3 {[%emt 0:01:12]} Nxh6 {[%emt 0:00:11]} 25. Kd2 {[%emt 0:02:35]} b6 {[%emt 0:00:35]} 26. Nf4 {[%emt 0:00:26]} Rxe1 {[%emt 0:00:10]} 27. Nxe1 {[%emt 0:00:02]} c6 {[%emt 0:00:10]} 28. Nh5 {[%emt 0:00:19]} Nd7 {[%emt 0:00:04]} 29. Ke3 {[%emt 0:01:09]} Kc7 {[%emt 0:00:12]} 30. Kf4 {[%emt 0:00:42]} Kd6 {[%emt 0:00:09]} 31. Ng2 {[%emt 0:00:13]} Ke6 {[%emt 0:00:15]} 32. Ne3 {[%emt 0:00:40]} Nf8 {[%emt 0:00:15]} 33. Ng4 {[%emt 0:02:24]} Ng6+ {[%emt 0:00:11]} 34. Kf3 {[%emt 0:00:10]} Nxg4 {[%emt 0:00:08]} 35. Kxg4 {[%emt 0:00:55]} Ne7 {[%emt 0:00:49]} 36. Nf4+ {[%emt 0:01:43]} Kf7 {[%emt 0:00:05]} 37. Kh5 {[%emt 0:00:44]} Ng6 {[%emt 0:00:11]} 38. Nxg6 {[%emt 0:00:24]} hxg6+ {[%emt 0:00:02]} 39. Kh6 {[%emt 0:00:01]} g5 {[%emt 0:00:13]} 40. a4 {[%emt 0:00:12]} a6 {[%emt 0:01:01]} 41. b4 {[%emt 0:00:08]} a5 {[%emt 0:00:33]} 42. bxa5 {[%emt 0:00:04]} bxa5 {[%emt 0:00:02]} 43. f3 {[%emt 0:00:04]} Ke6 {[%emt 0:00:44]} 44. Kg6 {[%emt 0:00:03]} Ke7 {[%emt 0:00:04]} 45. Kf5 {[%emt 0:00:02]} Kf7 {[%emt 0:00:04]} 46. f4 {[%emt 0:00:06]} gxf4 {[%emt 0:00:21]} 47. Kxf4 {[%emt 0:00:02]} Kg6 {[%emt 0:00:01]} 48. Kg4 {[%emt 0:00:14]} f5+ {[%emt 0:00:08]} 49. Kf4 {[%emt 0:01:15]} Kf6 50. h4 Kg6 51. h5+ {[%emt 0:00:00]} Kxh5 {[%emt 0:00:01]} 52. Kxf5 {[%emt 0:00:00]} Kh6 {[%emt 0:00:00]} 53. Ke6 {[%emt 0:00:40]} Kg6 {[%emt 0:08:11]} 54. Kd6 Kf6 55. Kxc6 {[%emt 0:00:00]} Ke6 {[%emt 0:00:00]} 56. Kc5 {[%emt 0:00:30]} 1-0

[Event "Lidkoping Open 2019"]
[Site "Lidkoping"]
[Date "2019.08.25"]
[Round "5.12"]
[White "Bergre, Joachim"]
[Black "Karlsson, Roger"]
[Result "1/2-1/2"]
[WhiteElo "1928"]
[BlackElo "1892"]
[Annotator "NA"]
[PlyCount "50"]
[EventDate "2019.08.19"]
[EventType "swiss"]
[EventCountry "SWE"]
[SourceTitle "playchess.com"]
[Source "ChessBase"]
[SourceQuality "1"]
[TimeControl "2700+10"]

1. Nf3 {[%emt 0:00:00]} g6 {[%emt 0:00:03]} 2. g3 {[%emt 0:00:20]} c5 {[%emt 0:00:16]} 3. Bg2 {[%emt 0:00:17]} Bg7 {[%emt 0:00:05]} 4. d4 {[%emt 0:00:55]} cxd4 {[%emt 0:01:15]} 5. Nxd4 {[%emt 0:00:16]} Nc6 {[%emt 0:00:51]} 6. c3 {[%emt 0:00:55]} Qb6 {[%emt 0:03:28]} 7. Nb3 {[%emt 0:03:24]} d6 {[%emt 0:01:15]} 8. N1d2 {[%emt 0:02:14]} Nf6 {[%emt 0:01:29]} 9. O-O {[%emt 0:00:58]} O-O {[%emt 0:00:04]} 10. Nc4 {[%emt 0:03:01]} Qc7 {[%emt 0:01:07]} 11. Ne3 {[%emt 0:03:00]} Be6 {[%emt 0:04:03]} 12. Nd4 {[%emt 0:02:47]} Nxd4 {[%emt 0:01:08]} 13. Qxd4 {[%emt 0:02:29]} Qd7 {[%emt 0:07:03]} 14. Qb4 {[%emt 0:02:44]} Rab8 {[%emt 0:01:53]} 15. Re1 {[%emt 0:02:23]} Rfc8 {[%emt 0:02:23]} 16. Bd2 {[%emt 0:03:33]} Bh3 {[%emt 0:01:34]} 17. Bh1 {[%emt 0:00:35]} h5 {[%emt 0:00:07]} 18. Rad1 {[%emt 0:01:29]} b5 {[%emt 0:04:29]} 19. Nd5 {[%emt 0:05:24]} Be6 {[%emt 0:05:41]} 20. Bg5 {[%emt 0:02:46]} Rc4 {[%emt 0:03:08]} 21. Qb3 {[%emt 0:00:42]} Nxd5 {[%emt 0:03:05]} 22. Bxd5 {[%emt 0:00:06]} Bxd5 {[%emt 0:00:16]} 23. Rxd5 {[%emt 0:00:07]} e6 {[%emt 0:00:46]} 24. Rd3 {[%emt 0:00:29]} Qc6 {[%emt 0:00:49]} 25. Qd1 {[%emt 0:02:54]} d5 {[%emt 0:00:13]} 1/2-1/2

[Event "Lidkoping Open 2019"]
[Site "Lidkoping"]
[Date "2019.08.25"]
[Round "5.13"]
[White "Nordstrom, Felix"]
[Black "Mathisen, Runar"]
[Result "1-0"]
[WhiteElo "2060"]
[BlackElo "1868"]
[Annotator "NA"]
[PlyCount "59"]
[EventDate "2019.08.19"]
[EventType "swiss"]
[EventCountry "SWE"]
[SourceTitle "playchess.com"]
[Source "ChessBase"]
[SourceQuality "1"]
[TimeControl "2700+10"]

1. e4 {[%emt 0:00:00]} c5 {[%emt 0:00:00]} 2. Nf3 {[%emt 0:00:00]} Nc6 {[%emt 0:00:00]} 3. d4 {[%emt 0:00:00]} cxd4 {[%emt 0:00:00]} 4. Nxd4 {[%emt 0:00:02]} g6 {[%emt 0:00:01]} 5. c4 {[%emt 0:00:10]} Bg7 {[%emt 0:00:08]} 6. Be3 {[%emt 0:00:20]} Nf6 {[%emt 0:00:15]} 7. Nc3 {[%emt 0:00:31]} Ng4 {[%emt 0:00:19]} 8. Qxg4 {[%emt 0:00:08]} Nxd4 {[%emt 0:00:04]} 9. Qd1 {[%emt 0:00:05]} e5 {[%emt 0:00:55]} 10. Bd3 {[%emt 0:00:41]} O-O {[%emt 0:00:29]} 11. O-O {[%emt 0:00:13]} a6 {[%emt 0:04:14]} 12. Ne2 {[%emt 0:04:26]} Ne6 {[%emt 0:02:38]} 13. Qd2 {[%emt 0:05:20]} f5 {[%emt 0:04:54]} 14. exf5 {[%emt 0:06:04]} gxf5 {[%emt 0:00:02]} 15. f3 {[%emt 0:02:00]} d5 {[%emt 0:11:23]} 16. cxd5 {[%emt 0:00:49]} Qxd5 {[%emt 0:00:01]} 17. Qc2 {[%emt 0:04:18]} e4 {[%emt 0:12:54]} 18. fxe4 {[%emt 0:01:00]} Qe5 {[%emt 0:00:15]} 19. Bf2 {[%emt 0:08:05]} f4 {[%emt 0:02:00]} 20. Bc4 {[%emt 0:02:27]} Kh8 {[%emt 0:04:03]} 21. Bxe6 {[%emt 0:03:00]} Qxe6 {[%emt 0:00:12]} 22. Bd4 {[%emt 0:00:45]} Bxd4+ {[%emt 0:01:04]} 23. Nxd4 {[%emt 0:00:02]} Qb6 {[%emt 0:00:56]} 24. Qf2 {[%emt 0:01:06]} Bg4 {[%emt 0:00:25]} 25. Rac1 {[%emt 0:01:19]} Rad8 {[%emt 0:00:22]} 26. Nb3 {[%emt 0:02:20]} Qg6 {[%emt 0:00:24]} 27. Rfe1 {[%emt 0:00:54]} Rd7 {[%emt 0:01:06]} 28. e5 {[%emt 0:00:38]} Re7 {[%emt 0:00:25]} 29. Nd4 {[%emt 0:01:18]} Rg8 {[%emt 0:00:21]} 30. Kh1 {[%emt 0:01:59]} 1-0

[Event "Lidkoping Open 2019"]
[Site "Lidkoping"]
[Date "2019.08.25"]
[Round "5.14"]
[White "Johnson, Daniel"]
[Black "Wiklund, Robert"]
[Result "1-0"]
[WhiteElo "2201"]
[BlackElo "1785"]
[Annotator "ChessBase"]
[PlyCount "59"]
[EventDate "2019.08.19"]
[EventType "swiss"]
[EventCountry "SWE"]
[SourceTitle "playchess.com"]
[Source "ChessBase"]
[SourceQuality "1"]
[TimeControl "2700+10"]

1. d4 {[%emt 0:00:00]} d5 {[%emt 0:00:00]} 2. c4 {[%emt 0:00:02]} e6 {[%emt 0:00:00]} 3. Nc3 {[%emt 0:00:05]} Nf6 {[%emt 0:00:00]} 4. cxd5 {[%emt 0:00:06]} exd5 {[%emt 0:00:00]} 5. Bg5 {[%emt 0:00:01]} Be7 {[%emt 0:00:09]} 6. e3 {[%emt 0:00:06]} O-O {[%emt 0:00:08]} 7. Qc2 {[%emt 0:00:17]} Be6 {[%emt 0:00:35]} 8. Bd3 {[%emt 0:00:17]} Nbd7 {[%emt 0:00:28]} 9. Nge2 {[%emt 0:01:01]} c5 {[%emt 0:00:15]} 10. O-O {[%emt 0:01:08]} h6 {[%emt 0:03:06]} 11. Bh4 {[%emt 0:00:15]} Rc8 {[%emt 0:02:34]} 12. Rad1 {[%emt 0:06:12]} cxd4 {[%emt 0:04:24]} 13. Nxd4 {[%emt 0:02:25]} Ne5 {[%emt 0:00:58]} 14. Bf5 {[%emt 0:02:41]} Qd7 {[%emt 0:01:59]} 15. Qb1 {[%emt 0:06:21]} Ne4 {[%emt 0:01:45]} 16. Nxe4 {[%emt 0:05:42]} Bxh4 {[%emt 0:00:55]} 17. Nc3 {[%emt 0:01:27]} a6 {[%emt 0:03:22]} 18. Nxe6 {[%emt 0:03:09]} fxe6 {[%emt 0:00:08]} 19. Rxd5 {[%emt 0:00:37]} Qf7 {[%emt 0:04:41]} 20. Bh7+ {[%emt 0:01:23]} Kh8 {[%emt 0:00:07]} 21. Rxe5 {[%emt 0:00:15]} Bxf2+ {[%emt 0:00:38]} 22. Kh1 {[%emt 0:00:09]} Qd7 {[%emt 0:04:22]} 23. Bc2 {[%emt 0:02:09]} Qd6 {[%emt 0:09:53]} 24. Re4 {[%emt 0:00:45]} Qc5 {[%emt 0:00:59]} 25. Qd1 {[%emt 0:05:10]} Bxe3 {[%emt 0:00:45]} 26. Rxf8+ {[%emt 0:02:54]} Rxf8 {[%emt 0:00:05]} 27. Qd3 {[%emt 0:00:51]} Bc1 {[%emt 0:05:33]} 28. Re5 {[%emt 0:02:12]} Rf1+ {[%emt 0:00:34]} 29. Qxf1 {[%emt 0:00:05]} Qxe5 {[%emt 0:00:03]} 30. Qf8# {[%emt 0:00:15]} 1-0

[Event "Lidkoping Open 2019"]
[Site "Lidkoping"]
[Date "2019.08.25"]
[Round "5.15"]
[White "Kjellqvist, Fredrik"]
[Black "Johansson, Stefan"]
[Result "0-1"]
[WhiteElo "1778"]
[BlackElo "2016"]
[Annotator "NA"]
[PlyCount "58"]
[EventDate "2019.08.19"]
[EventType "swiss"]
[EventCountry "SWE"]
[SourceTitle "playchess.com"]
[Source "ChessBase"]
[SourceQuality "1"]
[TimeControl "2700+10"]

1. Nf3 {[%emt 0:00:00]} f5 {[%emt 0:00:00]} 2. e4 {[%emt 0:00:17]} d6 {[%emt 0:01:00]} 3. Bc4 {[%emt 0:03:07]} fxe4 {[%emt 0:05:04]} 4. Ng5 {[%emt 0:00:39]} d5 {[%emt 0:00:06]} 5. Bb3 {[%emt 0:02:19]} Bf5 {[%emt 0:03:28]} 6. f3 {[%emt 0:04:32]} e6 {[%emt 0:04:33]} 7. d3 {[%emt 0:07:12]} exd3 {[%emt 0:02:12]} 8. g4 {[%emt 0:04:52]} Be7 {[%emt 0:02:04]} 9. h4 {[%emt 0:04:06]} dxc2 {[%emt 0:03:27]} 10. Bxc2 {[%emt 0:00:02]} Bxc2 {[%emt 0:00:13]} 11. Qxc2 {[%emt 0:00:17]} Qd6 {[%emt 0:00:01]} 12. Be3 {[%emt 0:03:09]} Bxg5 {[%emt 0:02:46]} 13. hxg5 {[%emt 0:06:30]} Qg3+ {[%emt 0:00:27]} 14. Bf2 {[%emt 0:00:02]} Qe5+ {[%emt 0:00:43]} 15. Kf1 {[%emt 0:01:10]} Nc6 {[%emt 0:00:27]} 16. Nc3 {[%emt 0:04:11]} O-O-O {[%emt 0:01:57]} 17. Kg2 {[%emt 0:03:43]} Nge7 {[%emt 0:02:53]} 18. Rae1 {[%emt 0:00:27]} Qd6 {[%emt 0:01:45]} 19. Rxh7 {[%emt 0:00:02]} g6 {[%emt 0:03:25]} 20. Bg3 {[%emt 0:00:35]} e5 {[%emt 0:01:15]} 21. Rxh8 {[%emt 0:00:10]} Rxh8 {[%emt 0:00:02]} 22. a3 {[%emt 0:00:08]} a6 {[%emt 0:00:29]} 23. b4 {[%emt 0:00:02]} Rf8 {[%emt 0:00:40]} 24. b5 {[%emt 0:00:02]} axb5 {[%emt 0:00:02]} 25. Nxb5 {[%emt 0:00:00]} Qe6 {[%emt 0:00:08]} 26. a4 {[%emt 0:00:12]} d4 {[%emt 0:00:19]} 27. Rc1 {[%emt 0:00:15]} Nd5 {[%emt 0:00:05]} 28. Bf2 {[%emt 0:00:11]} Qf7 {[%emt 0:00:10]} 29. Qe2 {[%emt 0:00:13]} Nf4+ {[%emt 0:10:09]} 0-1

[Event "Lidkoping Open 2019"]
[Site "Lidkoping"]
[Date "2019.08.25"]
[Round "5.16"]
[White "Andersen, Dag"]
[Black "Svensson, Leif"]
[Result "1-0"]
[WhiteElo "1873"]
[BlackElo "2027"]
[Annotator "NA"]
[PlyCount "57"]
[EventDate "2019.08.19"]
[EventType "swiss"]
[EventCountry "SWE"]
[SourceTitle "playchess.com"]
[Source "ChessBase"]
[SourceQuality "1"]
[TimeControl "2700+10"]

1. Nf3 {[%emt 0:00:03]} d5 {[%emt 0:00:00]} 2. c4 {[%emt 0:00:05]} e6 {[%emt 0:00:03]} 3. e3 {[%emt 0:00:05]} Nf6 {[%emt 0:00:46]} 4. b3 {[%emt 0:00:08]} Bd6 {[%emt 0:00:23]} 5. Bb2 {[%emt 0:00:07]} Nbd7 {[%emt 0:00:26]} 6. Nc3 {[%emt 0:00:14]} c6 {[%emt 0:00:07]} 7. Qc2 {[%emt 0:00:20]} O-O {[%emt 0:00:15]} 8. d4 {[%emt 0:01:41]} Re8 {[%emt 0:00:11]} 9. Be2 {[%emt 0:00:14]} b6 {[%emt 0:07:46]} 10. O-O {[%emt 0:00:28]} Bb7 {[%emt 0:00:04]} 11. Rad1 {[%emt 0:01:54]} Qc7 {[%emt 0:03:33]} 12. h3 {[%emt 0:02:25]} Rad8 {[%emt 0:01:51]} 13. Qb1 {[%emt 0:00:33]} a6 {[%emt 0:02:31]} 14. Rc1 {[%emt 0:02:55]} Qb8 {[%emt 0:00:37]} 15. Rfd1 {[%emt 0:01:22]} c5 {[%emt 0:09:36]} 16. cxd5 {[%emt 0:00:24]} exd5 {[%emt 0:00:10]} 17. dxc5 {[%emt 0:02:20]} bxc5 {[%emt 0:00:05]} 18. Qf5 {[%emt 0:04:02]} Qa8 {[%emt 0:06:16]} 19. Na4 {[%emt 0:01:20]} Bf8 {[%emt 0:01:47]} 20. Bxf6 {[%emt 0:01:30]} Nxf6 {[%emt 0:01:08]} 21. Nxc5 {[%emt 0:00:54]} Bxc5 {[%emt 0:00:05]} 22. Rxc5 {[%emt 0:00:15]} d4 {[%emt 0:00:15]} 23. Nxd4 {[%emt 0:09:10]} Ne4 {[%emt 0:06:04]} 24. Rc7 {[%emt 0:01:01]} Nd6 {[%emt 0:00:34]} 25. Qg4 {[%emt 0:05:02]} Re4 {[%emt 0:02:24]} 26. Qg3 {[%emt 0:00:37]} Nb5 {[%emt 0:00:35]} 27. Nxb5 {[%emt 0:00:37]} Rxd1+ {[%emt 0:00:02]} 28. Bxd1 {[%emt 0:00:12]} axb5 {[%emt 0:00:04]} 29. Bf3 {[%emt 0:00:42]} 1-0